<?xml version="1.0" encoding="UTF-8"?>
<record
    xmlns:xsi="http://www.w3.org/2001/XMLSchema-instance"
    xsi:schemaLocation="http://www.loc.gov/MARC21/slim http://www.loc.gov/standards/marcxml/schema/MARC21slim.xsd"
    xmlns="http://www.loc.gov/MARC21/slim">

  <leader>01792nas a2200277Ia 4500</leader>
  <controlfield tag="001">R050-S0911</controlfield>
  <controlfield tag="003">IT-CnALBA</controlfield>
  <controlfield tag="008">170116c99999999xx ||||||||||||   ||und||</controlfield>
  <datafield tag="040" ind1=" " ind2=" ">
    <subfield code="a">IT-CnALBA</subfield>
    <subfield code="c">IT-CnALBA</subfield>
  </datafield>
  <datafield tag="041" ind1=" " ind2=" ">
    <subfield code="a">ITALIANO</subfield>
  </datafield>
  <datafield tag="100" ind1=" " ind2=" ">
    <subfield code="a">MINGHELLI GIOVANNI</subfield>
  </datafield>
  <datafield tag="210" ind1=" " ind2=" ">
    <subfield code="a">RIVISTA GIOVANI</subfield>
  </datafield>
  <datafield tag="222" ind1=" " ind2=" ">
    <subfield code="a">RIVISTA GIOVANI</subfield>
  </datafield>
  <datafield tag="245" ind1=" " ind2="0">
    <subfield code="a">RIVISTA GIOVANI. GENNAIO DICEMBRE 1939. CULTURA E VITA CRISTIANA. </subfield>
  </datafield>
  <datafield tag="250" ind1=" " ind2=" ">
    <subfield code="a">1a ed.</subfield>
  </datafield>
  <datafield tag="260" ind1=" " ind2=" ">
    <subfield code="a"> TO BO CT PA</subfield>
    <subfield code="b">SOCIET&#xC0; ED. INTER. </subfield>
    <subfield code="c">1939 [1&#xB0; Ed.:1939 - Ed.Ling.Originale: 1939]</subfield>
  </datafield>
  <datafield tag="300" ind1=" " ind2=" ">
    <subfield code="a">592 p. </subfield>
  </datafield>
  <datafield tag="310" ind1=" " ind2=" ">
    <subfield code="a">MENSILE</subfield>
  </datafield>
  <datafield tag="362" ind1=" " ind2=" ">
    <subfield code="a">Fascicolo: 1-12 / Anno: 20 (1939)</subfield>
  </datafield>
  <datafield tag="500" ind1=" " ind2=" ">
    <subfield code="a">POESIE. L'OPERAIO NON STANCO. VISITA AD UNO STUDENTATO FRANCESCANO. L'ANIMA QUAL'ERA. RAGAZZO TERREMOTO NELLA TERRA DI PIER GIORGIO, GERMENA G. NADAL, PEZZANI R. IL TESTAMENTO DI PIO XI, EPIGRAFI ROMANE. CHIESA E STATO NEL DISCORSO DELLA CORONA... E NEL PENSIERO DELL'ARCIVESCOVO DI FIRENZE. PIO XII, PACE DEL MONDO ALLE PREGHIERE DEI FANCIULLI A MARIA. AZIONE CATTOLICA E DISCIPLINA CIVILE. IL PAPA MIO COMPAGNO DI SCUOLA. PAROLE DI PIO XII CONTRO LA DILAGANTE BUFERA. </subfield>
  </datafield>
  <datafield tag="501" ind1=" " ind2=" ">
    <subfield code="a">Societ&#xE0; San Paolo EM - Piazza San Paolo, 14 - 12051 ALBA (CN)  (non commercial uses only) &#xAE; Copyright 2017</subfield>
  </datafield>
  <datafield tag="520" ind1=" " ind2=" ">
    <subfield code="a">POESIE. L'OPERAIO NON STANCO. VISITA AD UNO STUDENTATO FRANCESCANO. L'ANIMA QUAL'ERA. RAGAZZO TERREMOTO NELLA TERRA DI PIER GIORGIO, GERMENA G. NADAL, PEZZANI R. IL TESTAMENTO DI PIO XI, EPIGRAFI ROMANE. CHIESA E STATO NEL DISCORSO DELLA CORONA... E NEL PENSIERO DELL'ARCIVESCOVO DI FIRENZE. PIO XII, PACE DEL MONDO ALLE PREGHIERE DEI FANCIULLI A MARIA. AZIONE CATTOLICA E DISCIPLINA CIVILE. IL PAPA MIO COMPAGNO DI SCUOLA. PAROLE DI PIO XII CONTRO LA DILAGANTE BUFERA. </subfield>
  </datafield>
  <datafield tag="650" ind1=" " ind2=" ">
    <subfield code="a">CULTURA VITA CRISTIANA</subfield>
  </datafield>
  <datafield tag="942" ind1=" " ind2=" ">
    <subfield code="c">CR</subfield>
  </datafield>
  <datafield tag="957" ind1=" " ind2=" ">
    <subfield code="7">1</subfield>
  </datafield>
  <datafield tag="999" ind1=" " ind2=" ">
    <subfield code="a">62477</subfield>
    <subfield code="b">SI </subfield>
    <subfield code="g">1</subfield>
    <subfield code="c">329503</subfield>
    <subfield code="d">329503</subfield>
  </datafield>
  <datafield tag="952" ind1=" " ind2=" ">
    <subfield code="0">0</subfield>
    <subfield code="1">0</subfield>
    <subfield code="4">0</subfield>
    <subfield code="6">R_050S0911</subfield>
    <subfield code="7">1</subfield>
    <subfield code="a">ALBA</subfield>
    <subfield code="b">ALBA</subfield>
    <subfield code="d">2017-01-16</subfield>
    <subfield code="l">0</subfield>
    <subfield code="o">R050-S0911</subfield>
    <subfield code="r">2017-01-16 00:00:00</subfield>
    <subfield code="w">2017-01-16</subfield>
    <subfield code="y">CR</subfield>
    <subfield code="z">(data import: 16 gennaio 2017) - By Epidotti, Vaglietti. </subfield>
  </datafield>
</record>
